Pontmain - Choix multiples - Statistiques

Statistiques générales
  • Ce quiz a été pris 6 fois
  • Le résultat moyen est 7 sur 10
Statistiques - réponses
Question Réponse % Correct
Parmi les statues de la sainte Vierge Marie suivantes, pouvez-vous identifier celle de Pontmain ?
100%
Quelle guerre faisait rage lorsque la sainte Vierge Marie apparut à Pontmain ? La Guerre franco-prussienne
100%
Dans quel type de paysage rural se situe Pontmain ? Le bocage
83%
Dans quel pays existe-t-il une municipalité appelée Notre-Dame-de-Pontmain ? Le Canada
83%
Parmi les monuments suivant, lequel est le plus proche de Pontmain, à à peine 42 km de route ? Le Mont Saint Michel
83%
Comment s'exprima la sainte Vierge Marie lors de son apparition à Pontmain ? À travers un message écrit dans le ciel
67%
Parmi les messages suivants, lequel a été transmis par la sainte Vierge Marie lors de son apparition à Pontmain ? Mon Fils se laisse toucher.
67%
Au cous de quelle guerre existait-il un camp de concentration à Pontmain ? La Première Guerre mondiale
33%
De quel pays Pontmain était-elle le chef-lieu sous l'Ancien Régime ? Les Haies-du-Maine
33%
Comment appelle-t-on les habitant(e)s de Pontmain ? Les Pontaminois(es)
33%
Aucun quiz correspondant
Distribution des résultats
% des personnes avec chaque résultat
Percentile par nombre de réponses
Votre historique - résultats
Vous n’avez pas pris ce quiz